Ľudské práva v škole a v rodine

Guardado en:
Detalles Bibliográficos
Autor principal: Bieliková, Marcela
Formato: Libro
Lenguaje:eslovaco
Publicado: Bratislava Ústav informácií a prognóz školstva 2013
Materias:
Etiquetas: Agregar Etiqueta
Sin Etiquetas, Sea el primero en etiquetar este registro!

MARC

LEADER 00000nam a2200000 4500
001 0178827
005 20230109114636.2
020 |a 978-80-7098-513-7 
041 0 |a slo 
044 |a SK 
245 1 0 |a Ľudské práva v škole a v rodine  |c Marcela Bieliková 
264 1 |a Bratislava  |b Ústav informácií a prognóz školstva  |c 2013 
300 |a 61 s. 
610 2 0 |a práva ľudské 
610 2 0 |a deklarácia 
610 2 0 |a školy 
610 2 0 |a rodina 
610 2 0 |a žiaci 
610 2 0 |a učitelia 
610 2 0 |a deti 
610 2 0 |a výchova 
610 2 0 |a osveta 
610 2 0 |a prieskum 
610 2 0 |a dohody medzinárodné 
610 2 0 |a Slovensko 
610 2 0 |a Organizácia spojených národov 
100 1 |a Bieliková, Marcela